| 000 | 00670nam a22002177a 4500 | ||
|---|---|---|---|
| 003 | OSt | ||
| 005 | 20260310004745.0 | ||
| 008 | 260310b |||||||| |||| 00| 0 eng d | ||
| 020 | _a978-1-266-96695-8 | ||
| 040 |
_aDWCL Main lib _cOC |
||
| 082 | _aCirc. 332.1 C387m 2024 | ||
| 100 | _aCecchetti, Stephen G. | ||
| 245 |
_aMoney, banking, and financial markets _cStephen G. Cecchetti |
||
| 260 |
_aNew York: _bMcGraw Hill, _cc2024. |
||
| 300 |
_axiv, 591 pages: _billustrations; _c25 cm. |
||
| 504 | _aIncludes glossary and index. | ||
| 650 | _a1. Banks and banking. | ||
| 650 | _a2. Finance. | ||
| 700 | _aKermit L. Schoenholtz | ||
| 942 |
_2ddc _cBK-CIRC _kCirc. _n0 |
||
| 999 |
_c8793 _d8793 |
||